000
00247nam a22001217a 4500
008
170323b xxu||||| |||| 00| 0 eng d
041
_a
eng
080
_a
616.9
100
_a
8
101
_a
SHM
245
_a
VIROLOGY
_c
HIRST, G.K
942
_2
udc
_c
BK
999
_c
8463
_d
8463